USB complete : everything you need to develop custom USB peripherals (Record no. 182301)
[ view plain ]
| 000 -LEADER | |
|---|---|
| fixed length control field | 00392nam a2200145Ia 4500 |
| 008 - FIXED-LENGTH DATA ELEMENTS--GENERAL INFORMATION | |
| fixed length control field | 231217s9999 xx 000 0 und d |
| 020 ## - INTERNATIONAL STANDARD BOOK NUMBER | |
| International Standard Book Number | 8187972076 |
| 041 ## - LANGUAGE CODE | |
| Language code of text/sound track or separate title | English |
| 100 ## - MAIN ENTRY--PERSONAL NAME | |
| Personal name | Axelson, Jan. |
| 245 #0 - TITLE STATEMENT | |
| Title | USB complete : everything you need to develop custom USB peripherals |
| 260 ## - PUBLICATION, DISTRIBUTION, ETC. | |
| Date of publication, distribution, etc. | 2001 |
| Name of publisher, distributor, etc. | Penram International |
| Place of publication, distribution, etc. | Mumbai |
| 300 ## - PHYSICAL DESCRIPTION | |
| Extent | xviii+522 |
| 650 ## - SUBJECT ADDED ENTRY--TOPICAL TERM | |
| Topical term or geographic name entry element | abc |
| 942 ## - ADDED ENTRY ELEMENTS (KOHA) | |
| Koha item type | Books |
| Date last seen | Total checkouts | Accession number | Price effective from | Category | Lost status | Damaged status | Department | Withdrawn status | Home library | Current library | Shelving location | Entry date | Vendor | Grants | Billdate | Currency symbol | Conversion rate | Discount | Old discount |
|---|---|---|---|---|---|---|---|---|---|---|---|---|---|---|---|---|---|---|---|
| 26/01/2024 | 52833 | 26/01/2024 | Books | Central Library | Central Library | Central Library | F-Block Library Annex | 24/02/2009 | Publisher | DONATED | 28/05/2012 | RS | 1 |
